000 01070nam a2200277 a 4500
001 65117
003 BD-RJUL
005 20211209081404.0
008 170227s1948 eg a b 000 0 eng d
035 _a(BD-RJUL) 65247
040 _aDLC
_cDLC
_beng
_dBD-RJUL
041 _aeng
082 _a962
_223
_bEGY 1948
245 0 0 _aEgypt /
_cEgypt State Tourism Department.
260 _aEgypt :
_c[1947?]
300 _a116 p. :
_bill. ;
_c22 cm
500 _a"The Royal Institute of International Affairs."
500 _aBibliography: p. 115-116
505 0 _aIntroduction / Lillian Craig Harris -- Social aspects / Mourad M. Wahba -- The economy / Ali Abdallah and Michael Brown -- Domestic politics / Nazih N. Ayubi -- External relations / Michael Weir -- Conclusions / Lillian Craig Harris.
650 _aEgypt Sudan
_9192890
651 0 _aEgypt
_xEconomic policy
_9175266
651 0 _aEgypt
_xPolitics and government
_y1981-
_9192891
651 0 _aEgypt
_xSocial conditions
_y1952-1970
_9192892
700 _aEgypt State Tourism Department.
_9192889
942 _2ddc
_cBK
999 _c65117
_d65117